00299nam a2200121 a 45000010005000000030005000050050017000100080041000270400020000681000025000882450044001132600020001572255CDMR20130116135226.0130130s1974||||||||||||||||||||||||||||d aCDMRbcatcCDMR1 aFava Compte, María13aLa prensa pobre...cMaría Fava Compte aBarcelonac1974